| 000 | 00000nam##2200000za#4500 |
| 001 | 9.648580 |
| 003 | CaOODSP |
| 005 | 20250319162501 |
| 007 | ta |
| 008 | 150407|2002||||xxc||||| f|0| 0 eng|d |
| 040 | |aCaOODSP|beng |
| 043 | |an-cn--- |
| 086 | 1 |aA22-263/2002E |
| 110 | 1 |aCanada. |bAgriculture and Agri-Food Canada. |
| 245 | 10|aSafety net review / |cPrepared by the Federal/Provincial/Safety Net Working Group. |
| 260 | |aOttawa - Ontario : |bAgriculture and Agri-Food Canada |c2002. |
| 300 | |a175p. : |bgraphs, tables ; |c28 cm. |
| 563 | |aSpiral binding |
| 590 | |a02-26|b2002-06-28 |
| 690 | 07|aAgricultural assistance|2gcpds |
| 690 | 07|aIncome security|2gcpds |
| 690 | 07|aProgram assessment|2gcpds |
| 775 | 08|tExamen des programmes de protection du revenu / |w(CaOODSP)9.681859 |
| 776 | 0#|tSafety net review / |w(CaOODSP)9.693525 |